<?xml version="1.0" encoding="UTF-8"?>
<record
    xmlns:xsi="http://www.w3.org/2001/XMLSchema-instance"
    xsi:schemaLocation="http://www.loc.gov/MARC21/slim http://www.loc.gov/standards/marcxml/schema/MARC21slim.xsd"
    xmlns="http://www.loc.gov/MARC21/slim">

  <leader>04528nam a22003257a 4500</leader>
  <controlfield tag="001">335</controlfield>
  <controlfield tag="003">OSt</controlfield>
  <controlfield tag="005">20250528074018.0</controlfield>
  <controlfield tag="008">250328b        |||||||e |||| 00| f eng d</controlfield>
  <datafield tag="040" ind1=" " ind2=" ">
    <subfield code="b">por</subfield>
  </datafield>
  <datafield tag="041" ind1=" " ind2=" ">
    <subfield code="h">eng</subfield>
    <subfield code="a">por</subfield>
  </datafield>
  <datafield tag="082" ind1=" " ind2=" ">
    <subfield code="a">813</subfield>
    <subfield code="b">L676</subfield>
  </datafield>
  <datafield tag="100" ind1="1" ind2=" ">
    <subfield code="a">Lewis, Sinclair,</subfield>
    <subfield code="d">1885-1951</subfield>
    <subfield code="9">693</subfield>
  </datafield>
  <datafield tag="240" ind1=" " ind2=" ">
    <subfield code="a">Babbitt</subfield>
  </datafield>
  <datafield tag="245" ind1=" " ind2=" ">
    <subfield code="a">Babbitt /</subfield>
    <subfield code="c">Lewis, Sinclair ; Tradu&#xE7;&#xE3;o de Leonel Vallandro</subfield>
  </datafield>
  <datafield tag="260" ind1=" " ind2=" ">
    <subfield code="a">S&#xE3;o Paulo </subfield>
    <subfield code="b">Abril</subfield>
    <subfield code="c">1972</subfield>
  </datafield>
  <datafield tag="300" ind1=" " ind2=" ">
    <subfield code="a">441 p.</subfield>
  </datafield>
  <datafield tag="490" ind1="1" ind2=" ">
    <subfield code="a">Os Imortais da Literatura Universal</subfield>
  </datafield>
  <datafield tag="520" ind1=" " ind2=" ">
    <subfield code="a">Uma s&#xE1;tira sobre a Am&#xE9;rica dos anos 20, durante a Lei Seca que o conservadorismo apoiava mas n&#xE3;o praticava. Um homem de neg&#xF3;cios e de fam&#xED;lia, numa cidade comercial, Zenith, vive infeliz em que a &#xFA;nica coisa que interessa s&#xE3;o as apar&#xEA;ncias. Tenta mudar, dizer o que pensa, mas apercebe-se que as id&#xE9;ias liberais s&#xF3; lhe trazem dissabores e por isso retorna &#xE0; vida conservadora e f&#xFA;til de outrora. Sinclair Lewis, Nobel da Literatura em 1930, descreve com ironia a prosperidade daqueles que vivem num mundo de mentira e de apar&#xEA;ncias, que lutam contra as ideias liberais, socialistas e de justi&#xE7;a social. |...| George Babbitt &#xE9; uma emblem&#xE1;tica figura, pois &#xE9; a evid&#xEA;ncia de um modo de vida que dominou a opini&#xE3;o p&#xFA;blica norte-americana dos anos 20 cujos ecos reverberam ainda hoje como verdadeiros pilares do capitalismo: os empres&#xE1;rios e business men. A a&#xE7;&#xE3;o deles sobre a realidade &#xE9; vista pela sociedade norte-americana como algo her&#xF3;ico, louv&#xE1;vel, que deve ser divulgado e comemorado a todo o momento para espantar o &#x201C;fantasma comunista&#x201D; que passara a figurar na pauta de preocupa&#xE7;&#xF5;es desse grupo desde 1917.

A passagem do s&#xE9;culo XIX para o XX desenvolveu o ambiente urbano norte-americano, gerando as cidades grandes e transformando as rela&#xE7;&#xF5;es capitalistas, levando-as a outro n&#xED;vel. Esse processo acelerou-se com a posi&#xE7;&#xE3;o privilegiada que os Estados Unidos passaram a ocupar depois da Primeira Guerra Mundial, tornando-se credores do mundo. A euforia dos neg&#xF3;cios e da prosperidade econ&#xF4;mica contaminou a sociedade americana criando sociedades civis de est&#xED;mulo ao crescimento econ&#xF4;mico, ao com&#xE9;rcio, a ind&#xFA;stria etc. Babbitt se insere justamente nesse contexto.

O american way of life, &#x201C;fen&#xF4;meno&#x201D; que come&#xE7;ava a se desenvolver nesse per&#xED;odo (e que se consolidaria mais efetivamente p&#xF3;s-crise de 29 e p&#xF3;s-Segunda Guerra Mundial), apresentava contradi&#xE7;&#xF5;es e elevava ao patamar de gurus e guias esses empres&#xE1;rios que investiam e representavam a gan&#xE2;ncia e o empreendedorismo capitalistas. Dessa eleva&#xE7;&#xE3;o criavam-se modelos de conduta, comportamentos e pressupostos ideol&#xF3;gicos no m&#xED;nimo question&#xE1;veis.

Um exemplo disso, que Lewis consegue captar com uma sensibilidade de admir&#xE1;vel sutileza &#xE9; o pensamento desse grupo acerca da forma&#xE7;&#xE3;o intelectual e acad&#xEA;mica dos jovens. O filho de Babbitt, Ted, v&#xEA; como perda de tempo o estudo de arte, literatura e outros estudos de cultura porque n&#xE3;o tem aplica&#xE7;&#xE3;o pr&#xE1;tica na carreira empreendedora que assoma em seu futuro, ao passo que &#xE9; apoiado pelo pai, que, por sua vez, encontra eco desse posicionamento nos grupos nos quais participa. Os grupos de empres&#xE1;rios dos quais Babbitt participa (verdadeiras confrarias para vangloriarem-se), como os Boosters, por exemplo, apresentam contradi&#xE7;&#xF5;es que Sinclair Lewis explora, &#xE0;s vezes muito timidamente. Uma delas &#xE9; o fato de terem-se como arautos do progresso e do desenvolvimento ao mesmo tempo em que sustentam uma mentalidade arcaica, que instrumentaliza a realidade em seus mais diversos aspectos para servir seus projetos individuais como se eles representassem os anseios da sociedade de forma geral.

A mentalidade arcaica chocando-se com os pressupostos capitalistas encontra no romance um lugar privilegiado, porque consegue descortinar ao leitor a forma como a sociedade se organizava, sob quais preceitos e como esse jogo de especula&#xE7;&#xE3;o era praticado. Vale lembrar que essa especula&#xE7;&#xE3;o culminar&#xE1; na famosa crise de superprodu&#xE7;&#xE3;o cujo marco &#xE9; o crack da Bolsa de Nova York: a Crise de 29.
</subfield>
  </datafield>
  <datafield tag="650" ind1=" " ind2="0">
    <subfield code="a">Literatura Americana</subfield>
    <subfield code="9">84</subfield>
  </datafield>
  <datafield tag="650" ind1=" " ind2="0">
    <subfield code="a">Crise social </subfield>
    <subfield code="9">651</subfield>
  </datafield>
  <datafield tag="650" ind1=" " ind2="0">
    <subfield code="a">Ideologia nos Estados Unidos p&#xF3;s 1&#xB0; Guerra</subfield>
    <subfield code="9">697</subfield>
  </datafield>
  <datafield tag="650" ind1=" " ind2="0">
    <subfield code="a">Cr&#xED;tica ao capitalismo</subfield>
    <subfield code="9">696</subfield>
  </datafield>
  <datafield tag="650" ind1=" " ind2="0">
    <subfield code="a">Cl&#xE1;ssicos</subfield>
    <subfield code="9">77</subfield>
  </datafield>
  <datafield tag="655" ind1=" " ind2="0">
    <subfield code="a">Romance</subfield>
    <subfield code="9">23</subfield>
  </datafield>
  <datafield tag="655" ind1=" " ind2="0">
    <subfield code="a">Fic&#xE7;&#xE3;o </subfield>
    <subfield code="9">22</subfield>
  </datafield>
  <datafield tag="700" ind1=" " ind2=" ">
    <subfield code="a">Vallandro, Leonel.</subfield>
    <subfield code="d">1907- 1989</subfield>
    <subfield code="e">TRADUTOR</subfield>
    <subfield code="9">669</subfield>
  </datafield>
  <datafield tag="830" ind1=" " ind2=" ">
    <subfield code="a">Os Imortais da Literatura Universal</subfield>
    <subfield code="9">461</subfield>
    <subfield code="v">vol. 44</subfield>
  </datafield>
  <datafield tag="942" ind1=" " ind2=" ">
    <subfield code="2">ddc</subfield>
    <subfield code="n">0</subfield>
    <subfield code="c">BK</subfield>
  </datafield>
  <datafield tag="952" ind1=" " ind2=" ">
    <subfield code="0">0</subfield>
    <subfield code="1">0</subfield>
    <subfield code="2">ddc</subfield>
    <subfield code="4">0</subfield>
    <subfield code="7">0</subfield>
    <subfield code="8">FIC</subfield>
    <subfield code="a">BIBIB</subfield>
    <subfield code="b">BIBIB</subfield>
    <subfield code="c">LE</subfield>
    <subfield code="d">2025-03-28</subfield>
    <subfield code="e">doa&#xE7;&#xE3;o</subfield>
    <subfield code="l">0</subfield>
    <subfield code="o">813 / L676b</subfield>
    <subfield code="p">2025-17289</subfield>
    <subfield code="r">2025-03-28 08:28:45</subfield>
    <subfield code="w">2025-03-28</subfield>
    <subfield code="y">BK</subfield>
  </datafield>
  <datafield tag="999" ind1=" " ind2=" ">
    <subfield code="c">335</subfield>
    <subfield code="d">335</subfield>
  </datafield>
</record>
